Conflits en Afrique (Analyse des crises et pistes pour une Prevention ) (Record no. 2178)

MARC details
000 -Etiqueta do registo
Campo de controlo de comprimento fixo 00377 a2200145 4500
020 ## - ISBN (NÚMERO DE LIVRO PADRÃO INTERNACIONAL)
ISBN 2-87027-657-5
040 ## - Fonte de Catalogação
Agência de catalogação Biblioteca de Posgraduação- Universidade Lusíada de Angola
082 ## - DEWEY DECIMAL CLASSIFICATION NUMBER
Número de classificação 9(1)
Classificador- CDU 323.1
100 ## - Nome Pessoal
9 (RLIN) 1007
Autor SUY,Eric
245 ## - Declaração de Título
Título Conflits en Afrique (Analyse des crises et pistes pour une Prevention )
260 ## - Publicação e Destribuíção
Local de edição/distribuição Belgica
Editor/distribuidor Editions Complexe
Data de edição/distribuição 1997.
300 ## - Descrição Física
Nº Pág. 293p
650 ## - MATERIA
MATERIA Politica
942 ## - - Elementos de entrada adicionados (koha)
Tipo de documento Livros
Holdings
Withdrawn status Lost status Source of classification or shelving scheme Damaged status Not for loan Permanent Location Current Location Date acquired Total Checkouts Full call number Barcode Date last seen Price effective from Koha item type
    Dewey Decimal Classification     Biblioteca Geral- Universidade Lusíada de Angola Biblioteca Geral- Universidade Lusíada de Angola 24/03/2026   323.1 2026-0076 24/03/2026 24/03/2026 Livros